000 00512nam a2200205Ia 4500
005 20250326144313.0
008 250326s9999 xx 000 0 und d
020 _a978-0-00-653040-4
037 _aTextbook
040 _aFMSL
_beng
_cFMSL
041 _aeng
_2eng
084 _aX:51 P5
_qFMSL
100 _aKlein N
_9749430
245 0 _aNo logo
_cKlein N
260 _aNY
_bNY, Harper Perennial
_c2000
300 _a502p
365 _b520
942 _cTB
_hX:51 P5
999 _c1303222
_d1303222